Contralectura del catolicismo
“Cristianismo existencialista” arraigado a la vida misma, inmediata, cotidiana. En este aspecto, se elabora una contralectura a un catolicismo político, paradigmático del régimen dictatorial franquista español. En el documento, se reafirma ese carácter existencial en el que debe brotar el catolicism...
Guardado en:
| 主要作者: | |
|---|---|
| 格式: | 图书 |
| 语言: | Undetermined |
| 出版: |
Barcelona, España
Editorial Planeta
1978
|
| 主题: | |
| 标签: |
添加标签
没有标签, 成为第一个标记此记录!
|
MARC
| LEADER | 00000nam a2200000Ia 4500 | ||
|---|---|---|---|
| 008 | 170316s9999 xx 000 0 und d | ||
| 040 | |a cru BVZT | ||
| 090 | |a 100 A-32c | ||
| 100 | |a Aranguren, José Luis L. |9 933 | ||
| 245 | |a Contralectura del catolicismo | ||
| 260 | |a Barcelona, España |b Editorial Planeta |c 1978 | ||
| 300 | |a 215 páginas | ||
| 520 | |a “Cristianismo existencialista” arraigado a la vida misma, inmediata, cotidiana. En este aspecto, se elabora una contralectura a un catolicismo político, paradigmático del régimen dictatorial franquista español. En el documento, se reafirma ese carácter existencial en el que debe brotar el catolicismo, se conforma a modo de diálogo estructurado por fechas, o por vivencias fechadas en las que se desarrollan diversos temas específicos, entre los que se encuentran los milagros, los católicos y el cine, el odio a Dios, la poesía católica romana, la virgen María, los Sacramentos y psicología, la actitud ética, el ateísmo, el catolicismo público y el privado, entre muchos otros. | ||
| 650 | |a FILOSOFÍA |9 5 | ||
| 650 | |a ÉTICA |9 104 | ||
| 999 | |c 15525 |d 15525 | ||
| 942 | |c 15 D |h 100 A-32c |2 z | ||
